Mobbing, violencia física y estrés en el trabajo : aspectos jurídicos de los riesgos psicosociales /

Contenido: 1. Introducción y conceptos: Una primera aproximación a los "riesgos psicosociales" y el "estrés y la violencia en el trabajo"; La violencia física en el trabajo; La violencia psicológica: el acoso en el trabajo; El estrés laboral; 2. Los enfoques jurídicos sobre la violencia y el estrés...

Descrizione completa

Salvato in:
Dettagli Bibliografici
Autore principale: Velázquez Fernández, Manuel (autor)
Natura: Libro
Lingua:spagnolo
Pubblicazione: Barcelona, España : Gestión 2000, 2005, c2005
Soggetti:
Tags: Aggiungi Tag
Nessun Tag, puoi essere il primo ad aggiungerne!!

MARC

LEADER 00000nam^a2200000^a^4500
001 000182859
005 20250521000000.0
009 20260310102020.914
020 |a 84-8088-557-2 
037 |a Acervo ITESO - Biblioteca 
041 |a ESP 
082 |a 344. 4001133  |b VEL 
100 |a Velázquez Fernández, Manuel  |e (autor) 
245 1 0 |a Mobbing, violencia física y estrés en el trabajo :  |b aspectos jurídicos de los riesgos psicosociales /  |c M. Velázquez Fernández ; pról. de Cristóbal Molina Navarrete. 
264 4 |a Barcelona, España :  |b Gestión 2000,  |c 2005, c2005 
300 |a 381 p. 
336 |a texto  |b txt  |2 rdacontenido 
337 |a sin mediación  |b n  |2 rdamedio 
338 |a volumen  |b nc  |2 rdasoporte 
520 |a Contenido: 1. Introducción y conceptos: Una primera aproximación a los "riesgos psicosociales" y el "estrés y la violencia en el trabajo"; La violencia física en el trabajo; La violencia psicológica: el acoso en el trabajo; El estrés laboral; 2. Los enfoques jurídicos sobre la violencia y el estrés en el trabajo: Violencia y estrés en el trabajo, en el derecho internacional y comunitario; El enfoque tradicional: la aplicación del derecho constitucional, la legislación laboral y de la función pública; El nuevo enfoque: la aplicación de la legislación de seguridad y salud en el trabajo; 3. La gestión y resolución de los problemas relacionados con el estrés y la violencia en el trabajo: La gestión y resolución de los problemas de violencia y estrés en el seno de la empresa; La actuación de las administraciones públicas respecto al estrés y violencia en el trabajo; Actuación de los órganos jurisdiccionales ante la violencia y el estrés en el trabajo. 
649 |a XX 
650 |a Acoso Laboral -  |z Europa -  |x Tema Principal 
650 |a Acoso Laboral -  |z Europa -  |x Aspectos Jurídicos 
650 |a Acoso Sexual -  |z Europa -  |x Aspectos Jurídicos 
650 |a Relaciones Intergénero -  |z Europa -  |x Aspectos Jurídicos 
650 |a Discriminación -  |z Europa -  |x Aspectos Jurídicos 
650 |a Estrés -  |z Europa -  |x Aspectos Jurídicos 
650 |a Violencia -  |z Europa -  |x Aspectos Jurídicos 
650 |a Igualdad y Desigualdad -  |z Europa 
650 |a Conflicto (Relaciones Personales) -  |z Europa -  |x Aspectos Jurídicos 
650 |a Conducta Antisocial -  |z Europa -  |x Aspectos Jurídicos 
650 |a Problemas Sociales -  |z Europa 
650 |a Comunicación Personal -  |z Europa 
650 |a Negociación y Mediación -  |z Europa -  |x Aspectos Jurídicos 
650 |a Arbitraje Industrial -  |z Europa 
650 |a Relaciones Laborales -  |z Europa 
650 |a Psicología Laboral -  |z Europa 
650 |a Sociología Laboral -  |z Europa 
650 |a Derecho Laboral -  |z Europa 
650 |a Derecho Público -  |z Europa 
650 |a Derecho Comunitario 
910 |a Fondo General 
920 |a Impresos - Libros 
930 |a Colección General 
905 |a 101 
901 |a 0500123086  |b IT1  |c ACC  |u 20250521 
902 |a https://opac.biblio.iteso.mx/vufind/Record/000182859